[Event "Famalicao op 9th"]
[Site "Vila Nova de Famalicao"]
[Date "2022.07.26"]
[Round "4"]
[White "Jibuti, Nata"]
[Black "Nigmatov, Ortik"]
[Result "0-1"]
[WhiteElo "1639"]
[BlackElo "2437"]
[PlyCount "77"]
[EventDate "2022.07.25"]
[EventType "swiss"]
[EventRounds "9"]
[EventCountry "POR"]
[SourceTitle "CBM 209 Extra"]
[Source "ChessBase"]
[SourceDate "2022.09.30"]
[SourceVersion "1"]
[SourceVersionDate "2022.09.30"]
[SourceQuality "1"]

1. d4 Nf6 2. Nf3 g6 3. Bf4 Bg7 4. Nbd2 0-0 5. e4 d6 6. Be2 Nc6 7. c3 h6 8. h3 Nh5 9. Bh2 e5 10. dxe5 dxe5 11. 0-0 Nf4 12. Bc4 Qf6 13. a4 Rd8 14. Qc2 g5 15. Rfe1 Ne7 16. Bxf4 Qxf4 17. Nf1 Bxh3 18. gxh3 Qxf3 19. Re3 Qf6 20. Nh2 Ng6 21. Rf3 Nf4 22. Ng4 Qc6 23. Ne3 Qg6 24. Kh2 Rd7 25. Nf5 Rad8 26. Rd1 Bf8 27. Rxd7 Rxd7 28. Rg3 Qh5 29. Ne3 c6 30. Ng4 Bg7 31. Ne3 Bf6 32. b4 Bd8 33. Ng4 Kg7 34. Ne3 a5 35. b5 Bb6 36. Nf5+ Kh7 37. bxc6 bxc6 38. Qb2 Ba7 39. Qc2 0-1

[Event "Wch U18 Girls"]
[Site "Khanty-Mansiysk"]
[Date "2016.09.29"]
[Round "7"]
[White "Oljobai Kyzy, Alisa"]
[Black "Jibuti, Nata"]
[Result "0-1"]
[WhiteElo "1672"]
[BlackElo "1865"]
[PlyCount "90"]
[EventDate "2016.09.22"]
[EventType "swiss"]
[EventRounds "11"]
[EventCountry "RUS"]
[SourceTitle "EXT 2017"]
[Source "ChessBase"]
[SourceDate "2016.10.25"]
[SourceVersion "1"]
[SourceVersionDate "2016.10.25"]
[SourceQuality "1"]

1. e4 c5 2. c3 d5 3. exd5 Qxd5 4. d4 Nc6 5. Nf3 Bf5 6. Be2 cxd4 7. cxd4 Bxb1 8. Rxb1 e6 9. a3 Nf6 10. 0-0 Be7 11. b3 0-0 12. Bc4 Qd6 13. h3 Nd5 14. Bb2 Bf6 15. Qe1 Rfd8 16. Rd1 Rac8 17. Qe4 Na5 18. Ne5 g6 19. Qf3 Qe7 20. Bxd5 Rxd5 21. Ng4 Bg7 22. Rfe1 Qd8 23. Rc1 Rxc1 24. Rxc1 Nc6 25. Re1 Nxd4 26. Bxd4 Bxd4 27. Nh6+ Kg7 28. Qxf7+ Kxh6 29. Qf4+ Qg5 30. Qf8+ Bg7 31. Qf7 Qf6 32. Qxb7 a5 33. Qc6 Rd2 34. Qc5 Rd5 35. Qc1+ Qg5 36. f4 Bd4+ 37. Kh1 Qf5 38. g4 Qf7 39. f5+ Kg7 40. Rxe6 Qb7 41. Kh2 Rc5 42. Qd1 Qc7+ 43. Kg2 Rc2+ 44. Kf1 Rf2+ 45. Ke1 Qc3+ 0-1

[Event "EU-ch U16 Girls 26th"]
[Site "Prague"]
[Date "2016.08.27"]
[Round "9"]
[White "Polterauer, Chiara"]
[Black "Jibuti, Nata"]
[Result "1/2-1/2"]
[WhiteElo "2009"]
[BlackElo "1761"]
[PlyCount "59"]
[EventDate "2016.08.18"]
[EventType "swiss"]
[EventRounds "9"]
[EventCountry "CZE"]
[SourceTitle "CBM 174 Extra"]
[Source "ChessBase"]
[SourceDate "2016.10.10"]
[SourceVersion "1"]
[SourceVersionDate "2016.10.10"]
[SourceQuality "1"]

1. e4 c5 2. Nf3 d6 3. d4 cxd4 4. Nxd4 Nf6 5. Nc3 a6 6. Be3 Nbd7 7. f3 e6 8. Be2 b5 9. a4 bxa4 10. Rxa4 Bb7 11. Nb3 Be7 12. Na5 Qc7 13. Nxb7 Qxb7 14. Qa1 Rb8 15. b3 d5 16. 0-0 Bc5 17. Bxc5 Nxc5 18. Bxa6 Qb6 19. Bb5+ Kd8 20. Kh1 Nxa4 21. Bxa4 dxe4 22. Nxe4 Ke7 23. c4 Nxe4 24. fxe4 f6 25. Qd1 Rbd8 26. Qh5 h6 27. Qg6 Kf8 28. Rxf6+ gxf6 29. Qxf6+ Kg8 30. Qg6+ 1/2-1/2

[Event "EU-ch U16 Girls 26th"]
[Site "Prague"]
[Date "2016.08.20"]
[Round "3"]
[White "Waardenburg, Feline"]
[Black "Jibuti, Nata"]
[Result "0-1"]
[WhiteElo "1559"]
[BlackElo "1761"]
[PlyCount "86"]
[EventDate "2016.08.18"]
[EventType "swiss"]
[EventRounds "9"]
[EventCountry "CZE"]
[SourceTitle "CBM 174 Extra"]
[Source "ChessBase"]
[SourceDate "2016.10.10"]
[SourceVersion "1"]
[SourceVersionDate "2016.10.10"]
[SourceQuality "1"]

1. c4 Nf6 2. Nc3 e6 3. g3 d5 4. cxd5 exd5 5. d4 c6 6. Bg2 Bf5 7. Nf3 h6 8. 0-0 Bd6 9. a3 0-0 10. Na4 Nbd7 11. Bd2 Ne4 12. Be3 Nb6 13. Nd2 Nxd2 14. Bxd2 Nc4 15. Bc3 Qe7 16. b4 Bg4 17. Re1 Rfe8 18. Bf1 b5 19. Nc5 Ne3 20. Qd2 Nxf1 21. Kxf1 Qf6 22. Ra2 Rxe2 23. Qxe2 Bxe2+ 24. Raxe2 Qf3 25. Re3 Qh1+ 26. Ke2 Qxh2 27. Nb7 Bc7 28. Nc5 Rd8 29. Nb7 Rf8 30. Nc5 h5 31. Nd7 Rd8 32. Ne5 Bxe5 33. Rxe5 Rd6 34. Bd2 Rf6 35. Be3 Qh3 36. Re7 a6 37. Ra7 Qc8 38. Kd2 Re6 39. Bf4 Rxe1 40. Kxe1 Qe6+ 41. Be3 f5 42. Rxa6 h4 43. Kf1 h3 0-1

[Event "EU-ch (Women) 16th"]
[Site "Chakvi"]
[Date "2015.05.30"]
[Round "11"]
[White "Jibuti, Nata"]
[Black "Tskhadadze, Anna"]
[Result "1-0"]
[WhiteElo "1694"]
[BlackElo "1938"]
[PlyCount "63"]
[EventDate "2015.05.19"]
[EventType "swiss"]
[EventRounds "11"]
[EventCountry "GEO"]
[SourceTitle "CBM 166 Extra"]
[Source "ChessBase"]
[SourceDate "2015.06.18"]
[SourceVersion "1"]
[SourceVersionDate "2015.06.18"]
[SourceQuality "1"]

1. e4 d5 2. exd5 Qxd5 3. Nc3 Qd6 4. d4 Nf6 5. Nf3 c6 6. Ne5 Nbd7 7. Nc4 Qc7 8. Qf3 Nb6 9. Bf4 Qd7 10. h3 Nxc4 11. Bxc4 Qxd4 12. Bb3 e6 13. Rd1 Qb4 14. 0-0 Be7 15. a3 Qa5 16. Ne4 Nxe4 17. Qxe4 0-0 18. Be5 Rd8 19. Qf4 b6 20. Rxd8+ Bxd8 21. Rd1 Be7 22. Rd3 g6 23. Rf3 f5 24. Bc3 Qb5 25. Qd4 Kf7 26. Qg7+ Ke8 27. Qg8+ Kd7 28. Bxe6+ Kc7 29. Bxc8 Rxc8 30. Qf7 Qc5 31. Bb4 Qxc2 32. Qxe7+ 1-0

[Event "EU-ch (Women) 16th"]
[Site "Chakvi"]
[Date "2015.05.20"]
[Round "2"]
[White "Jibuti, Nata"]
[Black "Petrenko, Svetlana"]
[Result "0-1"]
[WhiteElo "1694"]
[BlackElo "2207"]
[PlyCount "72"]
[EventDate "2015.05.19"]
[EventType "swiss"]
[EventRounds "11"]
[EventCountry "GEO"]
[SourceTitle "CBM 166 Extra"]
[Source "ChessBase"]
[SourceDate "2015.06.18"]
[SourceVersion "1"]
[SourceVersionDate "2015.06.18"]
[SourceQuality "1"]

1. e4 c5 2. Nf3 Nc6 3. d4 cxd4 4. Nxd4 Nf6 5. Nc3 e6 6. Ndb5 d6 7. Bf4 e5 8. Bg5 a6 9. Na3 b5 10. Nd5 Be7 11. Bxf6 Bxf6 12. c3 0-0 13. Nc2 Bg5 14. a4 bxa4 15. Rxa4 a5 16. Bc4 Be6 17. 0-0 Rb8 18. b3 Kh8 19. Nce3 g6 20. Qe2 f5 21. exf5 gxf5 22. f4 exf4 23. Nxf4 Bxc4 24. Rxc4 Qb6 25. Nfd5 Qb5 26. Qh5 Bxe3+ 27. Nxe3 Qb6 28. Kh1 Qxe3 29. Rxc6 Rb7 30. h4 Qe4 31. Rxd6 Rg7 32. Rg1 Rg3 33. Kh2 Rfg8 34. Rd2 Qf4 35. Kh1 Qxd2 36. Qxf5 Qxc3 0-1

[Event "EU-ch U14 Girls 24th"]
[Site "Batumi"]
[Date "2014.10.24"]
[Round "6"]
[White "Nilssen, Ellen Fredericia"]
[Black "Jibuti, Nata"]
[Result "1/2-1/2"]
[WhiteElo "1709"]
[BlackElo "1634"]
[PlyCount "109"]
[EventDate "2014.10.19"]
[EventType "swiss"]
[EventRounds "9"]
[EventCountry "GEO"]
[SourceTitle "EXT 2016"]
[Source "ChessBase"]
[SourceDate "2015.10.08"]
[SourceVersion "1"]
[SourceVersionDate "2015.10.08"]
[SourceQuality "1"]

1. Nf3 Nf6 2. b3 e6 3. Bb2 b6 4. e3 Bb7 5. Be2 d5 6. d3 Bd6 7. Nbd2 0-0 8. 0-0 Nbd7 9. c4 c5 10. Qc2 Rc8 11. Rac1 Re8 12. Rfd1 e5 13. cxd5 Nxd5 14. a3 Bb8 15. Qb1 Kh8 16. Qa1 f6 17. Bf1 Qe7 18. Be2 Nf8 19. Nh4 Qd7 20. h3 Qc7 21. Nf1 a5 22. Bg4 Rcd8 23. Nf5 g6 24. N5g3 h5 25. Bf3 h4 26. Ne4 Qg7 27. Ned2 Ne6 28. Nc4 Ng5 29. Be2 Ba8 30. Nh2 Qb7 31. Bf1 Nc3 32. Bxc3 Nxh3+ 33. Kh1 Nxf2+ 34. Kg1 Nxd1 35. Rxd1 h3 36. Qb2 hxg2 37. Bxg2 Qxg2+ 38. Qxg2 Bxg2 39. Kxg2 Re6 40. a4 Kg7 41. Ng4 g5 42. Nxb6 Rxb6 43. Bxa5 Rdd6 44. Bxb6 Rxb6 45. Rb1 f5 46. Nf2 Kf6 47. e4 Rb4 48. Kf3 Ba7 49. Rb2 fxe4+ 50. Nxe4+ Kf5 51. Nd6+ Kg6 52. Ne4 Kf5 53. Nd6+ Kg6 54. Ne4 Kf5 55. Ke3 1/2-1/2

[Event "EU-ch U12 Girls"]
[Site "Prague"]
[Date "2012.08.23"]
[Round "7"]
[White "Hrescak, Ivana"]
[Black "Jibuti, Nata"]
[Result "1-0"]
[WhiteElo "1709"]
[BlackElo "1601"]
[PlyCount "65"]
[EventDate "2012.08.17"]
[EventType "swiss"]
[EventRounds "9"]
[EventCountry "CZE"]
[SourceTitle "CBM 150 Extra"]
[Source "ChessBase"]
[SourceDate "2012.10.19"]
[SourceVersion "1"]
[SourceVersionDate "2012.10.19"]
[SourceQuality "1"]

1. d4 d5 2. c4 e6 3. Nc3 Be7 4. Nf3 Nf6 5. Bg5 0-0 6. e3 Nbd7 7. Bd3 dxc4 8. Bxc4 c6 9. 0-0 Nd5 10. Bxe7 Qxe7 11. Rc1 Nxc3 12. bxc3 e5 13. Bb3 Rd8 14. Qe2 e4 15. Nd2 Nb6 16. f3 exf3 17. Rxf3 Be6 18. e4 Bxb3 19. Nxb3 Re8 20. Re1 f6 21. Qf2 Qc7 22. Rg3 Qf7 23. Ree3 Nc4 24. Ref3 Rxe4 25. Nc5 Ree8 26. Rxf6 Qh5 27. Rff3 Nd6 28. Qf1 Qd5 29. Rxg7+ Kh8 30. Rh3 h5 31. Rgg3 Rf8 32. Qc1 Nf7 33. Qd1 1-0

[Event "EU-ch U12 Girls"]
[Site "Prague"]
[Date "2012.08.18"]
[Round "2"]
[White "Jibuti, Nata"]
[Black "Mylnikova, Olga"]
[Result "0-1"]
[WhiteElo "1601"]
[BlackElo "1788"]
[PlyCount "118"]
[EventDate "2012.08.17"]
[EventType "swiss"]
[EventRounds "9"]
[EventCountry "CZE"]
[SourceTitle "CBM 150 Extra"]
[Source "ChessBase"]
[SourceDate "2012.10.19"]
[SourceVersion "1"]
[SourceVersionDate "2012.10.19"]
[SourceQuality "1"]

1. e4 c6 2. d4 g6 3. Nc3 Bg7 4. g3 d5 5. e5 Nh6 6. Nf3 f6 7. exf6 exf6 8. Bg2 0-0 9. 0-0 Nf7 10. Bf4 Na6 11. Re1 Nc7 12. Bxc7 Qxc7 13. Re2 Nd6 14. Qe1 Bd7 15. Re7 Qd8 16. Re2 Qc7 17. Qf1 Rae8 18. Rae1 Qd8 19. Nd2 Bg4 20. f3 Bc8 21. Bh3 Bxh3 22. Qxh3 f5 23. Nb3 Nc4 24. Nd1 a5 25. c3 b6 26. Ne3 Nd6 27. Nc1 Rf7 28. Nd3 Rfe7 29. Qg2 Qc7 30. f4 Ne4 31. Ne5 Qb7 32. Nd1 c5 33. Nf2 Bxe5 34. dxe5 Qc6 35. Rd1 Rd7 36. h3 Qe6 37. Kh1 h5 38. a3 Red8 39. Nxe4 dxe4 40. Red2 Rd3 41. Rxd3 Rxd3 42. Rxd3 exd3 43. Qa8+ Kf7 44. Qb7+ Ke8 45. Qa8+ Ke7 46. Qf3 Qd7 47. Kg2 d2 48. Qd1 Qd3 49. Kf2 b5 50. h4 c4 51. e6 Kxe6 52. Qe2+ Kd7 53. Qd1 Kd6 54. Kg2 Qe3 55. Kf1 Kd5 56. a4 bxa4 57. g4 Qxf4+ 58. Ke2 Qxg4+ 59. Kxd2 Qxd1+ 0-1

[Event "EU-ch U12 Girls"]
[Site "Albena"]
[Date "2011.09.15"]
[Round "5"]
[White "Jibuti, Nata"]
[Black "Wagner, Dinara"]
[Result "0-1"]
[WhiteElo "1654"]
[BlackElo "2024"]
[PlyCount "56"]
[EventDate "2011.09.11"]
[EventType "swiss"]
[EventRounds "9"]
[EventCountry "BUL"]
[SourceTitle "CBM 144 Extra"]
[Source "ChessBase"]
[SourceDate "2011.10.28"]
[SourceVersion "1"]
[SourceVersionDate "2011.10.28"]
[SourceQuality "1"]

1. e4 d5 2. exd5 Qxd5 3. Nc3 Qa5 4. Bc4 Nf6 5. h3 Nc6 6. Nf3 Bf5 7. 0-0 Bg6 8. d3 0-0-0 9. Bd2 Qh5 10. a4 e5 11. Re1 Bd6 12. Nb5 Rhe8 13. a5 e4 14. Ng5 Qxd1 15. Raxd1 Ne5 16. Nxa7+ Kb8 17. Nb5 Nxc4 18. dxc4 h6 19. Be3 hxg5 20. Bxg5 Be5 21. c3 Rd3 22. Kf1 Red8 23. Ke2 Bh5+ 24. g4 Nxg4 25. Bxd8 Ne3+ 26. f3 Bxf3+ 27. Kf2 Nxd1+ 28. Kf1 Rxd8 0-1

[Event "EU-ch U12 Girls"]
[Site "Albena"]
[Date "2011.09.14"]
[Round "4"]
[White "Lakinska, Simona"]
[Black "Jibuti, Nata"]
[Result "0-1"]
[WhiteElo "1724"]
[BlackElo "1654"]
[PlyCount "52"]
[EventDate "2011.09.11"]
[EventType "swiss"]
[EventRounds "9"]
[EventCountry "BUL"]
[SourceTitle "CBM 144 Extra"]
[Source "ChessBase"]
[SourceDate "2011.10.28"]
[SourceVersion "1"]
[SourceVersionDate "2011.10.28"]
[SourceQuality "1"]

1. e4 c5 2. Nc3 Nc6 3. g3 g6 4. Bg2 Bg7 5. d3 d6 6. f4 e6 7. Nf3 Nge7 8. 0-0 0-0 9. Be3 Nd4 10. Bf2 Bd7 11. Nxd4 cxd4 12. Ne2 e5 13. h3 Bc6 14. g4 f5 15. fxe5 dxe5 16. exf5 Bxg2 17. Kxg2 gxf5 18. gxf5 Rxf5 19. Bh4 Qd5+ 20. Kh2 Raf8 21. Rxf5 Nxf5 22. Bg5 Ne3 23. Bxe3 dxe3 24. Qg1 Rf2+ 25. Kg3 Qf3+ 26. Kh4 Rg2 0-1